[Event "DOM-ch"]
[Site "Santo Domingo"]
[Date "2021.05.21"]
[Round "9"]
[White "Eusebio Perez, Hector Eduardo"]
[Black "Martinez Castillo, Julio Antonio"]
[Result "1/2-1/2"]
[WhiteElo "2176"]
[BlackElo "2152"]
[PlyCount "21"]
[EventDate "2021.05.07"]
[EventType "swiss"]
[EventRounds "11"]
[EventCountry "DOM"]
[SourceTitle "CBM 203 Extra"]
[Source "ChessBase"]
[SourceDate "2021.09.30"]
[SourceVersion "1"]
[SourceVersionDate "2021.09.30"]
[SourceQuality "1"]

1. e4 e5 2. Nf3 Nc6 3. Bb5 a6 4. Ba4 Nf6 5. 0-0 Be7 6. Re1 b5 7. Bb3 0-0 8. c3 d6 9. d3 Na5 10. Bc2 c5 11. h3 1/2-1/2

[Event "Santo Domingo Duarte Memorial 7th"]
[Site "Santo Domingo"]
[Date "2018.01.20"]
[Round "7"]
[White "Gil Lauriano, Saury"]
[Black "Eusebio Perez, Hector Eduardo"]
[Result "1-0"]
[WhiteElo "1899"]
[BlackElo "2103"]
[PlyCount "105"]
[EventDate "2018.01.12"]
[EventType "swiss"]
[EventRounds "8"]
[EventCountry "DOM"]
[SourceTitle "CBM 182 Extra"]
[Source "ChessBase"]
[SourceDate "2018.02.23"]
[SourceVersion "1"]
[SourceVersionDate "2018.02.23"]
[SourceQuality "1"]

1. e4 e5 2. f4 Nc6 3. Nf3 d6 4. Bc4 Be7 5. 0-0 Nf6 6. d3 0-0 7. f5 d5 8. exd5 Nxd5 9. Qe1 Nb6 10. Bb3 Bxf5 11. Nxe5 Qd4+ 12. Qe3 Qxe5 13. Qxe5 Nxe5 14. Rxf5 Ng6 15. Nc3 c6 16. Bd2 Bf6 17. Raf1 Ne7 18. R5f3 Ned5 19. Ne4 Rad8 20. Kh1 Nd7 21. c4 Nc7 22. Bb4 Rfe8 23. g4 Be7 24. Bd6 Ne6 25. Rxf7 Bf6 26. Nxf6+ Nxf6 27. Re7 Rxd6 28. Rxe8+ Nxe8 29. c5 Rd5 30. Bxd5 cxd5 31. b4 a5 32. bxa5 Nxc5 33. Rb1 Nc7 34. d4 N5a6 35. Rxb7 Kf7 36. Rb6 Ke7 37. Kg2 Kd7 38. Kg3 Kc8 39. Kf4 Nb8 40. Ke5 Nd7+ 41. Kd6 Nxb6 42. axb6 Nb5+ 43. Kxd5 Kb7 44. Kc5 Nc3 45. d5 Na4+ 46. Kd6 Kxb6 47. Ke7 Nc5 48. d6 Kc6 49. a4 Nd7 50. a5 Nf6 51. Ke6 Ne4 52. a6 h5 53. gxh5 1-0

[Event "DOM-ch"]
[Site "Santo Domingo"]
[Date "2017.04.29"]
[Round "7"]
[White "Ferreira Fernandez, Sergio"]
[Black "Eusebio Perez, Hector Eduardo"]
[Result "1-0"]
[WhiteElo "2087"]
[BlackElo "2142"]
[PlyCount "110"]
[EventDate "2017.04.21"]
[EventType "swiss"]
[EventRounds "11"]
[EventCountry "DOM"]
[SourceTitle "CBM 178 Extra"]
[Source "ChessBase"]
[SourceDate "2017.06.22"]
[SourceVersion "1"]
[SourceVersionDate "2017.06.22"]
[SourceQuality "1"]

1. d4 Nf6 2. c4 g6 3. Nc3 Bg7 4. e4 d6 5. Nf3 0-0 6. Be2 e5 7. d5 a5 8. Bg5 h6 9. Bh4 Na6 10. Nd2 Nc5 11. g4 c6 12. Bg3 cxd5 13. cxd5 Nfxe4 14. Ndxe4 Nxe4 15. Nxe4 f5 16. gxf5 gxf5 17. Bd3 fxe4 18. Bxe4 Qb6 19. 0-0 Bf5 20. Qd3 Bxe4 21. Qxe4 Rf7 22. b3 Qb4 23. f3 Raf8 24. Kg2 Rc8 25. Qxb4 axb4 26. Rac1 Rfc7 27. Rxc7 Rxc7 28. Be1 Rc5 29. Bxb4 Rxd5 30. Rc1 Rd4 31. Rc8+ Kh7 32. Bc3 Rd3 33. Rc7 b5 34. a4 b4 35. Bxb4 Rxb3 36. Bxd6 Kg6 37. a5 Rb2+ 38. Kg3 Ra2 39. Rc6 Kf5 40. a6 Bf6 41. Bc5 Bg5 42. Bg1 Bf4+ 43. Kh3 e4 44. fxe4+ Kxe4 45. a7 Bxh2 46. Rc2 Rxa7 47. Bxa7 Bf4 48. Rc8 Bg5 49. Kg4 Kd3 50. Kf3 Bd2 51. Rd8+ Kc2 52. Ke2 Bf4 53. Rc8+ Kb3 54. Kd3 Kb2 55. Bd4+ Kb3 1-0

[Event "Santo Domingo Inmortales op"]
[Site "Santo Domingo"]
[Date "2016.11.26"]
[Round "6"]
[White "Eusebio Perez, Hector Eduardo"]
[Black "Mendez, Ruddy Antonio"]
[Result "1-0"]
[WhiteElo "2142"]
[BlackElo "2108"]
[PlyCount "61"]
[EventDate "2016.11.18"]
[EventType "swiss"]
[EventRounds "8"]
[EventCountry "DOM"]
[SourceTitle "EXT 2018"]
[Source "ChessBase"]
[SourceDate "2017.10.13"]
[SourceVersion "1"]
[SourceVersionDate "2017.10.13"]
[SourceQuality "1"]

1. e4 e5 2. Nf3 Nc6 3. Bb5 Nge7 4. d4 Nxd4 5. Nxd4 exd4 6. Qxd4 Nc6 7. Bxc6 dxc6 8. Qxd8+ Kxd8 9. Be3 Be6 10. Nd2 Be7 11. Bd4 f6 12. 0-0-0 Kc8 13. Kb1 c5 14. Be3 c4 15. g4 a5 16. Rhg1 a4 17. f4 Rd8 18. g5 fxg5 19. f5 Bf7 20. Bxg5 Bxg5 21. Rxg5 Ra6 22. Rxg7 Bh5 23. Re1 Rxd2 24. Rxh7 Rxh2 25. e5 Re2 26. Rh8+ Kd7 27. Rd1+ Rd6 28. Rh7+ Kc6 29. exd6 Bg4 30. Rxc7+ Kb6 31. d7 1-0

[Event "DOM-ch"]
[Site "Santo Domingo"]
[Date "2016.04.02"]
[Round "2"]
[White "Arias Diaz, Ernesto Antonio"]
[Black "Eusebio Perez, Hector Eduardo"]
[Result "0-1"]
[WhiteElo "1873"]
[BlackElo "2131"]
[PlyCount "86"]
[EventDate "2016.04.01"]
[EventType "swiss"]
[EventRounds "11"]
[EventCountry "DOM"]
[SourceTitle "CBM 171 Extra"]
[Source "ChessBase"]
[SourceDate "2016.04.26"]
[SourceVersion "1"]
[SourceVersionDate "2016.04.26"]
[SourceQuality "1"]

1. c4 e6 2. Nf3 d5 3. e3 Nf6 4. Nc3 a6 5. d4 dxc4 6. Bxc4 b5 7. Bd3 Bb7 8. 0-0 Nbd7 9. a3 c5 10. Qe2 Rc8 11. Bd2 Be7 12. Rac1 0-0 13. Rfd1 Qb6 14. Ne5 Rfd8 15. Be1 cxd4 16. exd4 Nf8 17. Qe3 Nd5 18. Nxd5 Bxd5 19. Bc3 Qb7 20. f3 h6 21. Rd2 Nd7 22. Nxd7 Rxd7 23. Rf1 Bf6 24. Bc2 Qb6 25. Kh1 a5 26. Qd3 g6 27. b3 Bb7 28. Qe3 Rdc7 29. Rd3 b4 30. axb4 axb4 31. Qxh6 Bg7 32. Qh4 Ba6 33. d5 Bxc3 34. dxe6 Qxe6 35. Rd8+ Rxd8 36. Qxd8+ Kg7 37. Qxc7 Bxf1 38. Be4 Bd3 39. Qf4 Bxe4 40. fxe4 Qxb3 41. h3 Qb1+ 42. Kh2 Qb2 43. Qf3 Be5+ 0-1

[Event "DOM-ch"]
[Site "Santo Domingo"]
[Date "2015.05.09"]
[Round "7"]
[White "Eusebio Perez, Hector Eduardo"]
[Black "Medina Guzman, Braulio Silvestre"]
[Result "1-0"]
[WhiteElo "2120"]
[BlackElo "1932"]
[PlyCount "75"]
[EventDate "2015.05.01"]
[EventType "swiss"]
[EventRounds "11"]
[EventCountry "DOM"]
[SourceTitle "CBM 166 Extra"]
[Source "ChessBase"]
[SourceDate "2015.06.18"]
[SourceVersion "1"]
[SourceVersionDate "2015.06.18"]
[SourceQuality "1"]

1. e4 e5 2. Nf3 Nc6 3. Bb5 Nf6 4. d3 a6 5. Bxc6 dxc6 6. Nxe5 Bc5 7. 0-0 h6 8. h3 Be6 9. Qe2 g5 10. c3 Bd6 11. Nxc6 bxc6 12. e5 Nd5 13. exd6 Qxd6 14. Na3 0-0-0 15. d4 Nf4 16. Bxf4 gxf4 17. Qxa6+ Kd7 18. Nc4 Bxc4 19. Qxc4 Qg6 20. d5 Ke7 21. Qxc6 Rd6 22. Qxc7+ Kf8 23. Qc8+ Kg7 24. Qg4 Rg8 25. c4 Kh7 26. Qxg6+ Rdxg6 27. Kh1 Rxg2 28. d6 R2g6 29. Rg1 Rxd6 30. Rxg8 Kxg8 31. c5 Rc6 32. b4 Kf8 33. a4 Ke8 34. Rd1 Re6 35. b5 Re2 36. Kg2 Rc2 37. c6 Re2 38. c7 1-0